000 00965nam a2200229Ii 4500
003 JO-AjNU
008 230605s9999||||xx |||||||||||||| ||und||
017 _a2008/9/3296
020 _a978-9957-506-05-6
040 _aJO-AjNU
_bara
_erda
_cJO-AjNU
041 _aara
050 1 4 _aBP173.755.S526 2009
100 3 _aالشبول، محمد فاروق ,
_eauthor
_928962
245 0 0 _aالنمو السكاني والتنمية من منظور الإقتصاد الإسلامي= Population Growth and Development from Islamic Economy Perspective
250 _aط1
264 3 1 _aعمان: عماد الدين للنشر والتوزيع، 2009
300 _a302ص
_bيتضمن الفهارس(ص267-285) ؛ المراجع (ص287-302)
336 _atext
_btxt
_2rdacontent
337 _aunmediated
_bn
_2rdamedia
338 _avolume
_bnc
_2rdacarrier
650 4 _aالتنمية الاقتصادية- الاقتصاد الاسلامي- علم السكان
_928963
999 _aA11299
_c14867
_d14867